Lettres choisies /

Bibliographic Details
Main Author: Sévigné, Marie de Rabutin-Chantal, marquise de, 1626-1696
Other Authors: Feuillâtre, Émile (Editor)
Format: Book
Language:French
Published: Paris : Larousse, 1965.
Series:Nouveaux classiques Larousse.

MARC

Tag First Indicator Second Indicator Subfields
LEADER 00000cam a2200000Ii 4500
001 in00002413708
005 20151109141137.0
008 790705s1965 fr a 000 0 fre d
035 |a (OCoLC)ocm05139395 
040 |a MHA  |c MHA  |d OCLCG  |d TXA  |d UtOrBLW 
049 |a TXAM 
050 4 |a PQ1925.A6  |b F4 1965 
082 0 4 |a 846 
100 1 |a Sévigné, Marie de Rabutin-Chantal,  |c marquise de,  |d 1626-1696. 
245 1 0 |a Lettres choisies /  |c Mme de Sévigné ; avec une notice biographique, une notice historique et littéraire, des notes explicatives, des jugements, un questionnaire et des sujets de devoirs, par Émile Feuillatre. 
264 1 |a Paris :  |b Larousse,  |c 1965. 
300 |a 158 pages :  |b illustrations ;  |c 17 cm. 
336 |a text  |b txt  |2 rdacontent 
337 |a unmediated  |b n  |2 rdamedia 
338 |a volume  |b nc  |2 rdacarrier 
490 1 |a Nouveaux Classiques Larousse 
700 1 |a Feuillâtre, Émile,  |e editor. 
830 0 |a Nouveaux classiques Larousse. 
910 |a tp3107 
948 |a cataloged  |b h  |c 2011/3/31  |d c  |e hgolay  |f 11:31:26 am 
994 |a 02  |b TXA 
999 |a MARS 
999 f f |s def88f4f-3c0a-3321-8488-874631d02fcf  |i 19320838-ee05-343b-b0e1-4675c0d86562  |t 0 
952 f f |p noncirc  |a Texas A&M University  |b College Station  |c Cushing Memorial Library & Archives  |d Cushing: Dawson French (Does not check out)  |t 0  |e PQ1925.A6 F4 1965  |h Library of Congress classification  |i unmediated -- volume 
998 f f |a PQ1925.A6 F4 1965  |t 0  |l Cushing: Dawson French (Does not check out)